[Event "EU-chT 23rd"]
[Site "Terme Catez"]
[Date "2021.11.13"]
[Round "2.18"]
[White "Mazur, Stefan"]
[Black "Saraci, Korab"]
[Result "0-1"]
[WhiteElo "2433"]
[BlackElo "2149"]
[PlyCount "86"]
[EventDate "2021.11.12"]
[EventType "team-swiss"]
[EventRounds "9"]
[EventCountry "SLO"]
[SourceTitle "CBM 205"]
[Source "ChessBase"]
[SourceDate "2021.12.31"]
[SourceVersion "1"]
[SourceVersionDate "2021.12.31"]
[SourceQuality "1"]
[WhiteTeam "Slovakia"]
[BlackTeam "Kosovo"]
[WhiteTeamCountry "SVK"]
[BlackTeamCountry "KOS"]

1. e4 c5 2. Nf3 d6 3. Nc3 Nc6 4. d4 cxd4 5. Nxd4 g6 6. Be3 Bg7 7. Qd2 Nf6 8. f3 0-0 9. 0-0-0 d5 10. Nxc6 bxc6 11. Bh6 Be6 12. Bxg7 Kxg7 13. e5 Nd7 14. h4 h5 15. g4 Rh8 16. gxh5 Rxh5 17. f4 Qh8 18. Bg2 Qh6 19. Bf3 Rf5 20. Ne2 Nxe5 21. Qc3 Kf8 22. h5 Nxf3 23. hxg6 Rh5 24. Rxh5 Qxh5 25. Ng3 Qxg6 26. f5 Qxg3 27. fxe6 Qg5+ 28. Kb1 Qf6 29. Qxc6 Rb8 30. b3 fxe6 31. Qc7 Rb4 32. Qxa7 Rf4 33. a4 Ng5 34. Rg1 Rf1+ 35. Rxf1 Qxf1+ 36. Kb2 Qf6+ 37. Ka3 Ne4 38. Qg1 Qc3 39. Qf1+ Ke8 40. Qb5+ Kd8 41. Qb6+ Kd7 42. Qb5+ Kd6 43. a5 Qc5+ 0-1

[Event "EU-chT 23rd"]
[Site "Terme Catez"]
[Date "2021.11.12"]
[Round "1.17"]
[White "Gokerkan, Cem Kaan"]
[Black "Saraci, Korab"]
[Result "1-0"]
[WhiteElo "2444"]
[BlackElo "2149"]
[PlyCount "113"]
[EventDate "2021.11.12"]
[EventType "team-swiss"]
[EventRounds "9"]
[EventCountry "SLO"]
[SourceTitle "CBM 205"]
[Source "ChessBase"]
[SourceDate "2021.12.31"]
[SourceVersion "1"]
[SourceVersionDate "2021.12.31"]
[SourceQuality "1"]
[WhiteTeam "Turkey"]
[BlackTeam "Kosovo"]
[WhiteTeamCountry "TUR"]
[BlackTeamCountry "KOS"]

1. e4 e5 2. Nf3 Nf6 3. Nxe5 d6 4. Nf3 Nxe4 5. d3 Nf6 6. d4 d5 7. Bd3 Bd6 8. Qe2+ Qe7 9. Qxe7+ Bxe7 10. 0-0 0-0 11. Bf4 c6 12. h3 Nbd7 13. Re1 Re8 14. Nbd2 Nf8 15. c3 Ng6 16. Bh2 Nh5 17. Ne5 Ngf4 18. Bf1 f6 19. Nd3 g5 20. Nxf4 Nxf4 21. Bxf4 gxf4 22. Bd3 Bd7 23. Nf3 b5 24. Nh4 Bf8 25. Kf1 Rab8 26. Bf5 Bxf5 27. Nxf5 Re4 28. Rxe4 dxe4 29. Re1 Re8 30. f3 e3 31. g3 fxg3 32. Kg2 c5 33. Kxg3 cxd4 34. cxd4 e2 35. Kf2 Rd8 36. Ke3 Kf7 37. Rxe2 Re8+ 38. Kd3 Rxe2 39. Kxe2 Ke6 40. Ne3 Bh6 41. d5+ Kd7 42. Kd3 Bf4 43. Ke4 Be5 44. b3 Kd6 45. Ng4 Bc3 46. Kf5 Kxd5 47. Nxf6+ Kd4 48. Nxh7 Kd3 49. h4 Bh8 50. f4 Kc2 51. Kg6 Kb2 52. f5 Bd4 53. f6 Kxa2 54. f7 Bc5 55. f8Q Bxf8 56. Nxf8 a5 57. Ne6 1-0

[Event "KOS-ch"]
[Site "Pristina"]
[Date "2021.10.24"]
[Round "9"]
[White "Saraci, Korab"]
[Black "Kastrati, Kastriot"]
[Result "1-0"]
[WhiteElo "2163"]
[BlackElo "1858"]
[PlyCount "111"]
[EventDate "2021.10.16"]
[EventType "tourn"]
[EventRounds "9"]
[EventCountry "KOS"]
[SourceTitle "CBM 204 Extra"]
[Source "ChessBase"]
[SourceDate "2021.11.30"]
[SourceVersion "1"]
[SourceVersionDate "2021.11.30"]
[SourceQuality "1"]

1. d4 Nf6 2. c4 e6 3. Nf3 d5 4. g3 Be7 5. Bg2 c6 6. 0-0 0-0 7. Qc2 Nbd7 8. b3 Bd6 9. Nc3 b6 10. e4 dxe4 11. Ng5 Bb7 12. Ngxe4 Nxe4 13. Nxe4 Be7 14. Bb2 Nf6 15. Ng5 h6 16. Nf3 Qc7 17. c5 Nd5 18. a3 b5 19. Rfe1 a5 20. Qe4 Ba6 21. Ne5 Bf6 22. Bf1 b4 23. Nc4 Bxc4 24. Bxc4 g6 25. h4 h5 26. Qf3 Bg7 27. a4 Rad8 28. Rad1 Qe7 29. Bc1 Qf6 30. Qg2 Qe7 31. Bg5 Bf6 32. Re5 Qc7 33. Rxd5 cxd5 34. Bxf6 dxc4 35. Bxd8 Rxd8 36. bxc4 e5 37. Qe4 exd4 38. Rxd4 Rxd4 39. Qxd4 Qb8 40. c6 b3 41. Qd7 b2 42. c7 b1Q+ 43. Kh2 Q8b2 44. c8Q+ Kg7 45. Qc5 Kg8 46. Qcc8+ Kg7 47. Qc5 Q1a1 48. Qd8 Kh7 49. Qdf8 Qf6 50. Qe3 Qg7 51. Qxg7+ Kxg7 52. c5 Qxa4 53. Qc3+ Kh7 54. c6 Qd1 55. c7 Qe2 56. Qc5 1-0

[Event "KOS-ch"]
[Site "Pristina"]
[Date "2021.10.22"]
[Round "7"]
[White "Kelmendi, Arsim"]
[Black "Saraci, Korab"]
[Result "0-1"]
[WhiteElo "2129"]
[BlackElo "2163"]
[PlyCount "134"]
[EventDate "2021.10.16"]
[EventType "tourn"]
[EventRounds "9"]
[EventCountry "KOS"]
[SourceTitle "CBM 204 Extra"]
[Source "ChessBase"]
[SourceDate "2021.11.30"]
[SourceVersion "1"]
[SourceVersionDate "2021.11.30"]
[SourceQuality "1"]

1. d4 Nf6 2. Bf4 e6 3. Nc3 d5 4. Nb5 Na6 5. e3 c6 6. Nc3 Bd6 7. Bxa6 bxa6 8. Nge2 0-0 9. 0-0 Re8 10. Na4 Ne4 11. f3 Nf6 12. Bxd6 Qxd6 13. f4 Rb8 14. b3 Nd7 15. Nc1 f6 16. Nd3 e5 17. fxe5 fxe5 18. Qf3 Qg6 19. dxe5 Rf8 20. Qh3 Re8 21. Qf3 Rf8 22. Nf4 Nxe5 23. Nxg6 Nxf3+ 24. Rxf3 hxg6 25. c3 Bf5 26. h3 Rfc8 27. Nc5 Rb5 28. b4 a5 29. a3 Rxc5 30. bxc5 Rb8 31. Raf1 Rb2 32. R3f2 Rb8 33. g4 Bd3 34. Rd1 Bc4 35. g5 a4 36. Rd4 Re8 37. Rdf4 a6 38. Kg2 Bd3 39. Rb2 Bf5 40. Rxa4 Rxe3 41. Rb8+ Kf7 42. Rxa6 Be4+ 43. Kh2 Ke6 44. Rf8 Ke5 45. Rxc6 Rxc3 46. Rcc8 Bf5 47. Rxf5+ gxf5 48. a4 d4 49. a5 d3 50. c6 Kf4 51. Rd8 Rc2+ 52. Kg1 Rxc6 53. Rxd3 Rc1+ 54. Kg2 Rc2+ 55. Kf1 Ra2 56. h4 Rxa5 57. Rd4+ Kg3 58. h5 f4 59. h6 f3 60. Rd1 gxh6 61. g6 Rg5 62. g7 Rxg7 63. Rd6 h5 64. Rh6 h4 65. Rh8 h3 66. Kg1 f2+ 67. Kf1 h2 0-1